000 00728nam a2200253Ia 4500
003 OSt
005 20220925233805.0
006 a|||||r|||| 00| 0
007 ta
008 220923b |||||||| |||| 00| 0 eng d
037 _cGeneral Book
040 _aRTL
_cRTL
_beng
041 _2eng
_aeng
082 _aX.1(X).N7, L8
100 _aJoshi Nandini
_9299461
245 0 _aChallenge of poverty
260 _a New Delhi
_bArnold-Heinemann
_c1978
300 _axiv,107p
_ccm.
490 _aBirla Institute of Scientific Research
500 _aAppendix: P 94-95
650 _aEconomic Condition Developing Countries
942 _hX.1(X).N7, L8
_cGB
_2CC
999 _c594608
_d594608